Planets in the Clone Wars - Statistics

General Stats
  • This quiz has been taken 39 times
  • The average score is 16 of 59
Answer Stats
Hint Planet % Correct
Anakin and Obi-Wan race to the capital. Coruscant
76%
Clones home world. Kamino
76%
Jabbas Palace was attacked by the Death Watch. Tatooine
76%
One of the longer and more important campaigns in the war. Home of the Twi'leks. Ryloth
73%
Star of war and see's more than one battle. Geonosis
70%
A lot happens on this planet throughout the war. During the majority of it they stay neutral. Death Watch eventually grows in their numbers and begins a civil war here. At the end of the war the 332nd Company are sent here to begin there siege breaking a treaty over thousands of years old but for good reason. Mandalore
70%
Admiral Ackbars home world. Mon Cala
64%
The famous line "In my book, experience outranks everything." is said.There is also another battle here later on. Christophsis
61%
Ahsoka disobeyed a direct order from Anakin and Obi-Wan telling her to retreat even though it looked like she was winning. She was about to be overran but could not see it.Aayla Secura dies here too.(During Order 66) Felucia
61%
Commander Gree and Captain Jek die here. Kashyyyk
61%
Jabbas son. Teth
61%
This is one of the worst battles in the entire war. The Clones were fighting against technology they had never seen before. They also had a questionable leader after Anakin was reassigned. Umbara
61%
General Grievous dies here. Utapau
61%
General Grievous and the Droid Army wipeout nearly all the Nightsisters. Dathomir
55%
General Grievous and the Droid Army invade this pirate planet. Florrum
48%
Eeth Koth is captured over this planet thus beginning the battle.Stass Allie dies here during Order 66. Saleucami
48%
Zillo Beast. Malastare
45%
Ahsoka stays as an advisor during this civil war and cannot intervene unless absolutely necessary. Onderon
45%
Home planet of Nute Gunray.Plo Koon dies here during Order 66. Cato Neimoidia
42%
Ki-Adi-Mundi dies here during Order 66. Also the longest campaign in the war. Mygeeto
36%
The Bad Batch were called in as reinforcements during this important battle. Admiral Trench finally dies here. Anaxes
27%
Ventress is betrayed by Count Dooku during this battle. The Separatists were losing badly. Sullust
27%
The 104th Battalion aid in the rescues of the Togrutan population and Anakin, Obi-Wan, Ahsoka, and Captain Rex. Kadavo
24%
Home of the Talz. Also known as the One Day War. Orto Plutonia
24%
Skytop Station Campaign. Bothawui
21%
The Citadel.Even Piell Dies here. Lola Sayu
21%
Tup prematurely executes Order 66. Ringo Vinda
21%
Commander Thorn dies here in a heroic last stand. Scipio
21%
Malevolance Campaign. Abregado
18%
One of the worst defeats of the Republic.Gregors last known battle. Sarrish
18%
Cad Bane has Anakin forcefully open the Jedi Holocron so that Ahsoka doesn't die. Devaron
15%
Mud Jumpers of the 224th Clone Division were here along with elements of the 501st Legion. Mimban
15%
501st Legion rescue the 327th Star Corps in the skies of this planet after heavy casualties. Quell
15%
The site of the Republic strategy conference. Carida
12%
Death Watch destroy an innocent village. Carlac
12%
Ahsokas people live here after there apparent disappearance. Kiros
12%
Mina Bonteri's Husband dies here. Aargonar
9%
Anakin rescues Captain Rex with his face plate being shattered. Arantara
9%
Skytop Station Campaign. Falleen
9%
Depa Billabas Battaltion suffered a 90% casualty rate here. She also put into a coma. Haruun Kal
9%
Depa Billaba dies here while then Caleb Dume escapes. Kaller
9%
This battle was between the Separatists and the Shadow Collective. This was also the new base for the Bad Batch when the war ended. Ord Mantell
9%
Obi-wan and Anakin receive a transmission from the name Folcrum during this battle. Yerbana
9%
In the days of the Galactic Civil War, Captain Rex remembered there being a battle on this planet when trying to search for a new base. Agamar
6%
Anakin Commands the Third Legion during this planets large-scale civil war. Balith
6%
In the Covair Sector Corvair
6%
Anakin and Ahsoka discuss how many kills they got before arriving at the Second Battle of Geonosis. Dorin
6%
Orson Krennic Predicted the Republic would withdraw from this planet to prevent further loss and let it fall to the Separatists. Grange
6%
A B1-series battle droid was hit by a blaster bolt and developed a conscious and started fighting with the Republic. Horain
6%
The 442nd Siege Battalion and 212th Attack Battalion were sent to this harsh planet where they were defeated by General Grievous. It was a very destructive battle. Hypori
6%
Gaylen Erso and his family were living on this planet during one of the last battles of the war. Lokori
6%
Chewbacca is able to get a signal out to Kashyyyk for reinforcements and to rescue him, Ahsoka, and two other Jedi padawans. They were fighting against the Trandoshans in a brief battle. Wasskah
6%
The Bad Batch were putting down a insurrection here. Yalbec Prime
6%
Not much is known other than there being a Republic Victory here. Alamass
3%
Mace Windu and his forces sustain heavy casualties at the defense of this planet. Dantootine
3%
Anakin, Obi-Wan, and Plo Koon were sent here to this important siege. Hisseen
3%
Captain Wilhuff Tarkin leads the assault on this planet. Murkhana
3%
Adi Gallia is taken Captive after this space battle. Patitite Pattuna
3%
This battle was between the Separatists, Death Watch, and the Shadow Collective. Zanbar
3%
No matching quizzes found
Score Distribution
Percent of People with Each Score
Percentile by Number Answered
Your Score History
You have not taken this quiz